|
|
|
|
| LEADER |
00000nas a2200000 i 4500 |
| 001 |
ssj0000941622 |
| 003 |
WaSeSS |
| 005 |
20200512172242.0 |
| 006 |
m d |
| 007 |
cr n |
| 008 |
120606c20139999maubr p s 0 a0eng c |
| 010 |
|
|
|a 2013243204
|
| 015 |
|
|
|a GBB443326
|2 bnb
|
| 016 |
7 |
|
|a 101605473
|2 DNLM
|
| 016 |
7 |
|
|a 015898478
|2 Uk
|
| 022 |
|
|
|a 2048-7177
|
| 035 |
|
|
|a (WaSeSS)ssj0000941622
|
| 040 |
|
|
|a CS1
|b eng
|c CS1
|d OCLCQ
|d NLM
|d DLC
|d OCLCQ
|d UWW
|d MYG
|d CUS
|d OCLCQ
|d OCLCO
|d OCLCQ
|d CASUM
|d OCLCA
|d OCLCQ
|d OCLCF
|d OCLCO
|d UKMGB
|d OCLCA
|d OCL
|d OCLCQ
|d VT2
|d WaSeSS
|
| 042 |
|
|
|a pcc
|a nsdp
|
| 060 |
1 |
0 |
|a W1
|
| 082 |
0 |
0 |
|a 613.2
|2 23
|
| 210 |
0 |
|
|a Food sci. nutr.
|
| 222 |
|
0 |
|a Food science & nutrition
|
| 245 |
0 |
0 |
|a Food science & nutrition
|h [electronic resource].
|
| 246 |
3 |
|
|a Food science and nutrition
|
| 260 |
|
|
|a Malden MA :
|b John Wiley & Sons,
|c [2012]-
|
| 310 |
|
|
|a Bimonthly
|
| 362 |
1 |
|
|a Began with (2013) 1:1.
|
| 506 |
|
|
|a License restrictions may limit access.
|
| 588 |
|
|
|a Description based on: (2013) 1:1; title from PDF caption (publisher's Web site, viewed Apr. 23, 2013).
|
| 588 |
|
|
|a Latest issue consulted: V. 1, issue 3 (May 2013) (wiley.com, viewed May 14, 2013).
|
| 650 |
|
0 |
|a Food
|x Technology
|v Periodicals.
|
| 650 |
1 |
2 |
|a Food Technology.
|
| 650 |
1 |
2 |
|a Nutritional Sciences.
|
| 650 |
|
7 |
|a Food industry and trade.
|2 fast
|0 (OCoLC)fst00930843
|
| 655 |
|
0 |
|a Electronic journals.
|
| 856 |
4 |
0 |
|z Full text available from Research Library: 01/01/2013 to present
|u https://search.proquest.com/publication/2032547
|